00523nam a2200145 a 450000100100000000500170001000800410002704000250006808200150009324500760010826000430018430000200022795201130024799900170036000003395920200930070646.0110915s1829 it 000 0 spa d aDO-SdBNPbspacBNPHU axxxxbA65200aAppendice alla memoria se Cristoforo Colombo :babbia studiato a Pavia. aGenova, :bDi Gaetano Schenone,c1829. a17 p. ;c25 cm. 001050718RVaGRbGRcCTd2011-09-15iLF1l0oxxxx A652p33959-10r2020-06-25w2020-06-25y1ZNo se presta c33450d33450